000 00787nam a2200265Ia 4500
003 OSt
005 20220925220715.0
006 a|||||r|||| 00| 0
007 ta
008 220923b |||||||| |||| 00| 0 eng d
037 _cGeneral Book
040 _aRTL
_cRTL
_beng
041 _2eng
_aeng
082 _aXM8:84, N2
100 _aPearce Robert D
_9231818
245 0 _aGlobalizing research and development
260 _aLondon
_bMacMillan
_c1992
300 _ax, 213p
_ccm.
490 _aUniversity of Reading European and International Studies
500 _aBibliography: P 209-11
650 _aMultinational
700 _a Satwinder Singh
_9285208
942 _hXM8:84, N2
_cGB
_2CC
999 _c572150
_d572150